| 000 | 00561nam a2200145Ia 4500 | ||
|---|---|---|---|
| 008 | 170221s9999 xx 000 0 und d | ||
| 100 | _aNazar Omer Abdallah Ahmed | ||
| 245 | _aImpact of Human Resource Management Practices on Organizational citizenship Behavior: an Empirical investigation from Banking Sector of Sudan | ||
| 245 | _cNazar Omer Abdallah Ahmed | ||
| 260 | _bInternational Review of Management and Marketing | ||
| 260 | _c2012 | ||
| 300 | _a7 : 2 | ||
| 650 | _xMarketing. | ||
| 856 | _uhttp://www.econjournals.com/index.php/irmm/issue/view/88 | ||
| 999 |
_c313983 _d313983 |
||